[Event "1700's Anonymous - The Continuing Adventures"]
[Site "SchemingMind.com"]
[Date "2011.11.18"]
[Round "-"]
[White "Daryl Fouard"]
[Black "Gnagflow"]
[Result "0-1"]
[WhiteCountry "USA"]
[BlackCountry "GER"]
[WhiteElo "1812"]
[WhiteRD "68"]
[BlackElo "1746"]
[BlackRD "74"]
[GameID "297162"]

1. e4 c5 2. Ne2 Nf6 3. Nbc3 d6 4. d4 cxd4 5. Nxd4 e5 6. Bb5+ Bd7 7. Bxd7+ Qxd7 8. Nb3 Be7 9. Bg5 Nc6 10. Bxf6 Bxf6
11. Nb5 Be7 12. Qd2 a6 13. Na3 b5 14. Rd1 Rd8 15. c4 b4 16. Nc2 a5 17. a4 Qg4 18. f3 Bh4+ 19. Ke2 Qxg2+ 20. Kd3 Qxf3+
21. Ne3 Qf6 22. Rdf1 Qe6 23. Nf5 O-O 24. Nxh4 Qh3+ 25. Nf3 f5 26. Kc2 fxe4 27. Qd5+ Kh8 28. Qxe4 Rf4 29. Qxc6 Qf5+ 30. Kd2 Rc8
31. Qxd6 Rxf3 32. Re1 Rxb3 33. Rhf1 Rxb2+ 34. Ke3 Qg5+ 35. Kd3 Rd2+
0-1

[Event "1700's Anonymous - The Continuing Adventures"]
[Site "SchemingMind.com"]
[Date "2011.11.17"]
[Round "-"]
[White "Olli Ylönen"]
[Black "Gnagflow"]
[Result "1-0"]
[WhiteCountry "FIN"]
[BlackCountry "GER"]
[WhiteElo "1778"]
[WhiteRD "48"]
[BlackElo "1766"]
[BlackRD "79"]
[GameID "297163"]

1. e4 c5 2. c3 d5 3. exd5 Qxd5 4. d4 g6 5. Nf3 Nf6 6. Na3 Be6 7. Nb5 Qe4+ 8. Be3 Na6 9. Qa4 Bd7 10. Ne5 O-O-O
11. Nxa7+ Kb8 12. Nxd7+ Nxd7 13. Bxa6 Nb6 14. Qb3 Kxa7 15. dxc5 Qd5 16. Qxb6+ Kb8 17. Bxb7 Qxb7 18. Qxd8+
1-0

[Event "1700's Anonymous - The Continuing Adventures"]
[Site "SchemingMind.com"]
[Date "2011.11.19"]
[Round "-"]
[White "Francisco Aquino"]
[Black "jjb091"]
[Result "1-0"]
[WhiteCountry "BRA"]
[BlackCountry "USA"]
[WhiteElo "1795"]
[WhiteRD "70"]
[BlackElo "1871"]
[BlackRD "90"]
[GameID "297171"]

1. e4 e6 2. d4 d5 3. exd5 exd5 4. Nf3 Nf6 5. Bg5 Bd6 6. Bb5+ c6 7. Be2 O-O 8. Nc3 h6 9. Bh4 Re8 10. O-O Nbd7
11. Re1 Nf8 12. a3 Ng6 13. Bxf6 Qxf6 14. Na4 Nf4 15. Bd3 Bg4 16. Rxe8+ Rxe8 17. Nc5 Bxc5 18. dxc5 Nxd3 19. Qxd3 Bxf3 20. Qxf3 Qxf3
21. gxf3= Re2 22. Rc1= Kf8 23. Kf1 Re6 24. Re1 a5 25. Re3= Ke7 26. Rb3 Rf6 27. Rxb7+ Kd8 28. Ra7 Rxf3 29. Rxa5 Rf4 30. b3 Rh4
31. Ra8+ Kc7 32. Ra7+ Kd8 33. Rxf7 Rg4 34. a4 Rg5 35. Rf4 Ke7 36. a5 d4 37. Rxd4 Rxc5 38. a6 Ra5 39. Ra4
1-0

[Event "1700's Anonymous - The Continuing Adventures"]
[Site "SchemingMind.com"]
[Date "2011.11.18"]
[Round "-"]
[White "Francisco Aquino"]
[Black "Clive Everill"]
[Result "1/2-1/2"]
[WhiteCountry "BRA"]
[BlackCountry "CZE"]
[WhiteElo "1795"]
[WhiteRD "70"]
[BlackElo "1785"]
[BlackRD "52"]
[GameID "297172"]

1. e4 e6 2. d4 d5 3. exd5 exd5 4. Nf3 Bd6 5. Nc3 c6 6. Bg5 Ne7 7. Be2 Be6 8. O-O O-O 9. Re1 f6 10. Be3 Nd7
11. a3 Qc7 12. h3 Nf5 13. Bd3 Nxe3 14. Rxe3 Bf7 15. Bf5 Bf4 16. Re1 Nb6 17. b3 Rfe8 18. Ne2 Bh6 19. Ng3 g6 20. Bd3 Bf4
21. Ne2 Bd6 22. a4 Re7 23. c3 Rae8 24. Qd2 Nd7 25. h4 Nf8 26. h5 Ne6 27. hxg6 Bxg6 28. Bxg6 hxg6 29. Qh6 Rg7 30. g3 Qc8
31. Nh4 Kf7 32. Kg2 Ng5 33. Nf3 Nxf3 34. Kxf3 Rh8 35. Qd2 Qf5+ 36. Kg2= Qh3+ 37. Kf3 g5 38. Rh1 g4+ 39. Ke3 Re8+ 40. Kd3 Qg2
41. Kc2 Qxf2 42. Rae1 Bxg3 43. Nxg3 Qxg3 44. Rxe8 Kxe8 45. Rh8+ Kf7 46. Qe2 Rg8 47. Rh7+ Rg7 48. Rh8= Rg8 49. Rh7+ Kg6 50. Qe7 Qg2+
51. Kc1 Qf1+ 52. Kb2 Qf2+ 53. Ka3= Kg5 54. Qf7 Rg6 55. Qxb7 g3 56. Qxc6 Qf3 57. Rd7 g2 58. Rxd5+ f5 59. Rxf5+ Qxf5 60. Qxg2+ Kf6
61. Qc6+ Qe6 62. Qf3+= Ke7 63. Qb7+ Qd7 64. Qe4+= Re6 65. Qh7+ Kd6 66. Qxd7+ Kxd7 67. c4 a5 68. b4 axb4+ 69. Kxb4 Kc7 70. d5 Rd6
71. a5 Kb7 72. Kb5 Ka7 73. Kc5=
1/2-1/2

[Event "1700's Anonymous - The Continuing Adventures"]
[Site "SchemingMind.com"]
[Date "2011.11.19"]
[Round "-"]
[White "Francisco Aquino"]
[Black "emvarela"]
[Result "1/2-1/2"]
[WhiteCountry "BRA"]
[BlackCountry "ARG"]
[WhiteElo "1752"]
[WhiteRD "69"]
[BlackElo "1797"]
[BlackRD "49"]
[GameID "297173"]

1. e4 e5 2. Nf3 f5 3. Nxe5 d6 4. Qh5+ g6 5. Nxg6 Nf6 6. Qh4 Bg7 7. Nxh8 Bxh8 8. Be2 fxe4 9. Bh5+ Kd7 10. Nc3 Nc6
11. O-O Nxh5 12. Qg4+ Ke7 13. Qxh5 Qg8 14. Nxe4 Bg4 15. Qh4+ Kd7 16. Nf6+ Bxf6 17. Qxf6 Ne5 18. Qh4 Bf5 19. Qg3 Bxc2 20. d4 Qxg3
21. hxg3 Nd3 22. b3 Rf8 23. Be3 Nb4 24. Bd2 Nc6 25. d5 Ne7 26. Rac1 Be4 27. Bh6 Rf7 28. Rfd1=
1/2-1/2

[Event "1700's Anonymous - The Continuing Adventures"]
[Site "SchemingMind.com"]
[Date "2011.11.18"]
[Round "-"]
[White "Francisco Aquino"]
[Black "Daryl Fouard"]
[Result "1/2-1/2"]
[WhiteCountry "BRA"]
[BlackCountry "USA"]
[WhiteElo "1752"]
[WhiteRD "69"]
[BlackElo "1814"]
[BlackRD "67"]
[GameID "297174"]

1. e4 c5 2. Nf3 g6 3. Bc4 Bg7 4. d4 cxd4 5. O-O d6 6. Nxd4 Nf6 7. Nc3 O-O 8. Re1 Nc6 9. Nxc6 bxc6 10. Bg5 Rb8
11. Rb1 Bb7 12. Qe2 d5 13. exd5 cxd5 14. Bxf6 Bxf6 15. Bb3 Bxc3 16. bxc3 Re8 17. h4 e6 18. Rbd1 Qxh4 19. Rd4 Qg5 20. Qf3 e5
21. Rg4 Qh5 22. Rg3 Qxf3 23. Rxf3 Kg7 24. Rd1 e4 25. Rg3 Re5 26. Re3 g5 27. c4 dxc4 28. Bxc4 Rc8 29. Bb3 Rc7 30. g3 g4
31. Rd4 h5 32. Ra4 Bc6 33. Rc4 f5 34. Rec3 Re6 35. Rc5 Rd6 36. Re3 Kg6 37. Kf1 Rcd7 38. c3 a6 39. Ra5 Bb5+ 40. c4 Bxc4+
41. Bxc4 Rc6 42. Bb3 Rdd6 43. Rd5 Rf6 44. Rd8 Kg5 45. Rg8+ Rg6 46. Rxg6+ Kxg6 47. Kg2 Kg5 48. Bd5=
1/2-1/2

[Event "1700's Anonymous - The Continuing Adventures"]
[Site "SchemingMind.com"]
[Date "2011.11.17"]
[Round "-"]
[White "Francisco Aquino"]
[Black "Olli Ylönen"]
[Result "0-1"]
[WhiteCountry "BRA"]
[BlackCountry "FIN"]
[WhiteElo "1724"]
[WhiteRD "72"]
[BlackElo "1778"]
[BlackRD "48"]
[GameID "297175"]

1. e4 e5 2. Nf3 Nc6 3. Bb5 f5 4. Bxc6 dxc6 5. O-O fxe4 6. Nxe5 Qd4 7. Qh5+ g6 8. Nxg6 hxg6 9. Qxg6+ Kd8 10. Re1 Bd6
11. g3 Bc5 12. Qxe4 Qxf2+ 13. Kh1 Qxh2#
0-1

[Event "1700's Anonymous - The Continuing Adventures"]
[Site "SchemingMind.com"]
[Date "2011.11.17"]
[Round "-"]
[White "Francisco Aquino"]
[Black "Gnagflow"]
[Result "1-0"]
[WhiteCountry "BRA"]
[BlackCountry "GER"]
[WhiteElo "1795"]
[WhiteRD "70"]
[BlackElo "1746"]
[BlackRD "74"]
[GameID "297176"]

1. e4 c5 2. Nf3 e6 3. d4 cxd4 4. Nxd4 d5 5. exd5 Qxd5 6. Nc3 Bb4 7. Bb5+ Bd7 8. Bxd7+ Nxd7 9. O-O Ngf6 10. Nxd5 Nxd5
11. c3 Bc5 12. Re1 O-O 13. Bg5 h6 14. Bh4 Rae8 15. Qa4 N7f6 16. Qb5 b6 17. Bxf6 Nxf6 18. Rad1 e5 19. Nb3 Ng4 20. Nxc5 bxc5
21. Qxc5 Nf6 22. Rxe5 Rd8 23. Rxd8 Rxd8 24. h3 Nd7 25. Qd6 Nxe5 26. Qxd8+
1-0

[Event "1700's Anonymous - The Continuing Adventures"]
[Site "SchemingMind.com"]
[Date "2011.11.19"]
[Round "-"]
[White "jjb091"]
[Black "Francisco Aquino"]
[Result "1/2-1/2"]
[WhiteCountry "USA"]
[BlackCountry "BRA"]
[WhiteElo "1871"]
[WhiteRD "90"]
[BlackElo "1795"]
[BlackRD "70"]
[GameID "297177"]

1. e4 e5 2. Nf3 Nc6 3. Bb5 Nf6 4. O-O Nxe4 5. d4 Be7 6. Qe2 d5 7. Nxe5 Bd7 8. Bxc6 Bxc6 9. Re1 Nf6 10. Nxc6 bxc6
11. Bg5 Qd6 12. Nd2 h6 13. Bf4 Qd7 14. Nb3 Ne4 15. Nc5 Nxc5 16. dxc5 f6 17. Rad1 Kf7 18. Qf3 Bxc5 19. h4 Rhe8 20. c3 Bd6
21. Bxd6 Rxe1+= 22. Rxe1 Qxd6 23. Qe3 a6 24. g3 Rb8 25. Re2 c5=
1/2-1/2

[Event "1700's Anonymous - The Continuing Adventures"]
[Site "SchemingMind.com"]
[Date "2011.11.18"]
[Round "-"]
[White "Clive Everill"]
[Black "Francisco Aquino"]
[Result "0-1"]
[WhiteCountry "CZE"]
[BlackCountry "BRA"]
[WhiteElo "1785"]
[WhiteRD "52"]
[BlackElo "1795"]
[BlackRD "70"]
[GameID "297178"]

1. c4 e5 2. Nc3 Nf6 3. a3 Bc5 4. e3 O-O 5. Nf3 Nc6 6. Be2 e4 7. Ng5 Re8 8. b4 Bf8 9. O-O h6 10. Nh3 d5
11. Nf4 d4 12. exd4 Nxd4 13. Bb2 Nxe2+ 14. Ncxe2 Bg4 15. Qe1 c5 16. h3 Bxe2 17. Qxe2 cxb4 18. axb4 Bxb4 19. Rfd1 a6 20. Qe3 Rc8
21. Rac1 Bc5 22. Qb3 b6 23. d4 Bd6 24. Ne2 Nh5 25. d5 Qc7 26. Nd4 Nf4 27. Nf5 Ne2+ 28. Kf1 Nxc1 29. Rxc1 Be5 30. Ba3 Rcd8
31. Rd1 Qd7 32. g4 h5 33. Qxb6 hxg4 34. hxg4 Qa4 35. Ke2 Qxa3 36. Rh1 Qd3+
0-1

[Event "1700's Anonymous - The Continuing Adventures"]
[Site "SchemingMind.com"]
[Date "2011.11.19"]
[Round "-"]
[White "emvarela"]
[Black "Francisco Aquino"]
[Result "0-1"]
[WhiteCountry "ARG"]
[BlackCountry "BRA"]
[WhiteElo "1797"]
[WhiteRD "49"]
[BlackElo "1752"]
[BlackRD "69"]
[GameID "297179"]

1. e4 e5 2. Nf3 Nc6 3. Bb5 Nf6 4. O-O Be7 5. Re1 d6 6. d4 Bd7 7. Nc3 O-O 8. Bxc6 bxc6 9. dxe5 dxe5 10. Nxe5 Bd6
11. Nxd7 Nxd7 12. Be3 Qh4 13. g3 Qe7 14. Bf4 Bxf4 15. gxf4 Nb6 16. Qf3 Rfe8 17. e5 Qe6 18. b3 Qg6+ 19. Qg3 Qxc2 20. Re2 Qf5
21. Rd1 Re6 22. Qd3 Qxf4 23. Qd8+ Re8 24. Qxc7 Qg4+ 25. Kf1 Qh3+ 26. Ke1 Qxc3+ 27. Kf1 Nd5 28. Rxd5 Qh3+ 29. Ke1 cxd5 30. Re3 Qc8
0-1

[Event "1700's Anonymous - The Continuing Adventures"]
[Site "SchemingMind.com"]
[Date "2011.11.18"]
[Round "-"]
[White "Daryl Fouard"]
[Black "Francisco Aquino"]
[Result "1/2-1/2"]
[WhiteCountry "USA"]
[BlackCountry "BRA"]
[WhiteElo "1812"]
[WhiteRD "68"]
[BlackElo "1795"]
[BlackRD "70"]
[GameID "297180"]

1. e4 e5 2. f4 d6 3. d4 Nc6 4. Nf3 Bg4 5. dxe5 Bxf3 6. Qxf3 dxe5 7. Bb5 Qf6 8. O-O Bc5+ 9. Be3 Bxe3+ 10. Qxe3 Ne7
11. fxe5 Qxe5 12. Bc4 O-O 13. Nc3 Qd4 14. Qxd4 Nxd4 15. Rf2 Nec6 16. Raf1 Ne5 17. Bb3 Nxb3 18. axb3 c6=
1/2-1/2

[Event "1700's Anonymous - The Continuing Adventures"]
[Site "SchemingMind.com"]
[Date "2011.11.17"]
[Round "-"]
[White "Olli Ylönen"]
[Black "Francisco Aquino"]
[Result "1-0"]
[WhiteCountry "FIN"]
[BlackCountry "BRA"]
[WhiteElo "1778"]
[WhiteRD "48"]
[BlackElo "1724"]
[BlackRD "72"]
[GameID "297181"]

1. e4 e5 2. Nf3 Nc6 3. d4 exd4 4. Nxd4 Qh4 5. Nc3 Bb4 6. Be2 Bc5 7. Be3 Nf6 8. Nf5 Qxf2+ 9. Kxf2 Bxe3+ 10. Nxe3 O-O
11. Ncd5 Nxe4+ 12. Ke1 d6 13. Nxc7 Rb8 14. Bf3 Ng5 15. Bxc6 bxc6 16. Qxd6 Be6 17. Nxe6 Nxe6 18. Qxc6 Rfc8 19. Qa4 Rxb2 20. Qxa7 Re8
21. Kf2
1-0

[Event "1700's Anonymous - The Continuing Adventures"]
[Site "SchemingMind.com"]
[Date "2011.11.17"]
[Round "-"]
[White "Gnagflow"]
[Black "Francisco Aquino"]
[Result "0-1"]
[WhiteCountry "GER"]
[BlackCountry "BRA"]
[WhiteElo "1746"]
[WhiteRD "74"]
[BlackElo "1795"]
[BlackRD "70"]
[GameID "297182"]

1. e4 e5 2. Nf3 Nc6 3. Bc4 Nf6 4. d3 Be7 5. O-O O-O 6. Nc3 d6 7. a3 Bg4 8. Be3 Re8 9. d4 Bxf3 10. gxf3 Bf8
11. Nd5 exd4 12. Bxd4 Nxd4 13. Qxd4 Nxd5 14. Qxd5 Qf6 15. Be2 Qxb2 16. f4 c6 17. Qd3 Qf6 18. f5 Rad8 19. Bg4 Qg5 20. Qg3 Rxe4
21. Bh3 Qxg3+ 22. hxg3 Rc4 23. a4 Rxc2 24. a5 d5 25. Rab1 Rb8 26. Bg2 Ra2 27. Ra1 Rxa1 28. Rxa1 Bc5 29. Kf1 b6 30. Rc1 Re8
31. f4 Re3 32. g4 Ra3 33. axb6 axb6 34. Ke2 f6 35. g5 Rg3 36. Bf3 fxg5 37. fxg5 Rxg5 38. Rf1 Rxf5 39. Kd3 g6 40. Ke2 Kg7
0-1